Foreign offices (Record no. 82553)
[ view plain ]
| 000 -LEADER | |
|---|---|
| fixed length control field | 00896cam a22001935a 4500 |
| 001 - CONTROL NUMBER | |
| control field | L150545 |
| 008 - FIXED-LENGTH DATA ELEMENTS--GENERAL INFORMATION | |
| fixed length control field | 100726e20100723xxk 000 0 eng d |
| 035 ## - SYSTEM CONTROL NUMBER | |
| System control number | (Sirsi) u150545 |
| 041 0# - LANGUAGE CODE | |
| Language code of text/sound track or separate title | eng |
| 100 1# - MAIN ENTRY--PERSONAL NAME | |
| Personal name | McMeeken, Roxane |
| 245 00 - TITLE STATEMENT | |
| Title | Foreign offices |
| Remainder of title | international salaries |
| 260 ## - PUBLICATION, DISTRIBUTION, ETC. | |
| Place of publication, distribution, etc. | 2010 |
| 490 ## - SERIES STATEMENT | |
| Series statement | Building |
| Volume/sequential designation | 275(8639) 23 July 2010, 34-39(6) |
| 520 ## - SUMMARY, ETC. | |
| Summary, etc. | Overview of the best places in the world to work where English is spoken; data and advice from Hays Construction and Property's salary guide, case studies; list of typical salaries from Hays 2010 international salary guide with figures in sterling for project managers, quantity surveyors, architects, civil engineers, and structural engineers with 5 or 5-10 years' experience for 19 countries. |
| 590 ## - LOCAL NOTE (RLIN) | |
| Local note | KA |
| 651 #4 - SUBJECT ADDED ENTRY--GEOGRAPHIC NAME | |
| Geographic name | International |
| 690 ## - LOCAL SUBJECT ADDED ENTRY--TOPICAL TERM (OCLC, RLIN) | |
| Topical term or geographic name as entry element | CAREERS, EDUCATION AND TRAINING-CAREERS IN SURVEYING |
| 942 ## - ADDED ENTRY ELEMENTS (KOHA) | |
| Suppress in OPAC | 0 |
| Withdrawn status | Lost status | Source of classification or shelving scheme | Damaged status | Not for loan | Home library | Current library | Shelving location | Date acquired | Total Checkouts | Full call number | Barcode | Date last seen | Copy number | Price effective from | Koha item type |
|---|---|---|---|---|---|---|---|---|---|---|---|---|---|---|---|
| Dewey Decimal Classification | London | London | Books | 26/07/2010 | L150545 | 150545-1001 | 06/08/2019 | 1 | 06/08/2019 | Book |